40. ročník soutěže Budujeme vzornou lidovou knihovnu [Frýdek-Místek 5.-6. června 1990]

Bibliographic Details
Corporate Author: Budujeme vzornú ľudovú knižnicu Frýdek-Místek, Česko (Author)
Format: Conference Proceeding Book
Language:Czech
PhysicalDescription:[18] s. 20 cm
Published: Praha Národní knihovna 1990
Subjects:

MARC

LEADER 00000nam a2200000 a 4500
001 vtls001225212
003 SK-MaSNL
005 20260301154644.0
008 210928s1990 xr 0 cze
020 |c b.c. 
035 |a SNK000172107 
040 |a SNK  |b slo  |c SNK  |e AACR2 
044 |a xr  |c CZ 
080 |a 027.022:06.063(437.265-21)  |2 1981 
111 1 |a Budujeme vzornú ľudovú knižnicu  |n (40. :  |d 1990 :  |c Frýdek-Místek, Česko)  |4 aut  |9 89928 
245 1 |a 40. ročník soutěže Budujeme vzornou lidovou knihovnu  |b [Frýdek-Místek 5.-6. června 1990] 
260 |a Praha  |b Národní knihovna  |c 1990 
300 |a [18] s.  |c 20 cm 
610 0 7 |a Budujeme vzornú ľudovú knižnicu  |b 40.  |d 1990  |x súťaže celoštátne  |x knižnice ľudové  |x prehľady  |2 SNK  |9 517851 
611 1 7 |a Budujeme vzornú ľudovú knižnicu  |n 40.  |d 1990  |c Frýdek-Místek, Česká republika  |x súťaže celoštátne  |x knižnice ľudové  |x prehľady  |2 SNK  |9 517852 
958 |a OND 
999 |c 797604  |d 799534 
952 |t P60, <03>, [BOOK], {604}  |a SNK  |b SNK  |y PREZ  |7 0  |p 17A0027668  |o snkOSD 7877  |i snkD 63/97  |0 0  |1 0  |4 0  |d 1997-01-15  |l 0  |r 2005-01-01 00:00:00  |w 2026-02-24